|
|
|
|
| LEADER |
00000nam a22000007a 4500 |
| 005 |
20191005005541.0 |
| 007 |
cr|||| |||| |
| 008 |
191005s2019 sv |||||s|||| 00||0 spa d |
| 020 |
|
|
|a 9786139400072
|
| 035 |
|
|
|a 29521
|
| 040 |
|
|
|a vLex
|
| 090 |
|
|
|c 9733
|d 9733
|
| 100 |
1 |
|
|a Martn̕ez Ventura, Jaime Edwin
|
| 245 |
1 |
3 |
|a Los delitos tributarios en el Cd̤igo Penal de El Salvador
|h [Recurso electrn̤ico] /
|c Jaime Edwin Martn̕ez Ventura
|
| 256 |
|
|
|a Servicio en ln̕ea
|
| 260 |
|
|
|a San Salvador:
|b Editorial Acadm̌ica Espaǫla,
|c 2019
|
| 300 |
|
|
|a 1 recurso electrn̤ico
|
| 500 |
|
|
|a El presente es un estudio dogmt̀ico jurd̕ico sobre la tipificacin̤ de los delitos relativos a la Hacienda Pb︢lica regulados en el Tt̕ulo IX, capt̕ulo V, del Cd̤igo penal salvadoreǫ. Se estructura en cuatro capt̕ulos. El primero, denominado “Enfoque dogmt̀ico e histr̤ico de los delitos relativos a la Hacienda Pb︢lica”; el segundo "Relacin̤ entre los delitos relativos a la Hacienda Pb︢lica y el delito de defraudacin̤ al Fisco"; el tercero "Tipicidad del delito de evasin̤ de impuestos regulado en el Cd̤igo penal salvadoreǫ; y el cuarto "Tipicidad de otros delitos relativos a la Hacienda Pb︢lica en el Cd̤igo penal salvadoreǫ." Se destaca que una de las debilidades del sistema penal, en cuanto a los delitos tributarios, es la forma en que estǹ tipificados en el Cd̤igo penal vigente; es decir, su falta de efectividad en parte se debe a problemas dogmt̀icos jurd̕icos o de tčnica legislativa.
|
| 506 |
1 |
|
|a Disponible solo en los productos indicados
|d vLex Global
|d vLex Global (Academic Edition, excluding Law Schools)
|d vLex Global (U.S. Academic Edition, Law Schools)
|d vLex Global (U.S. Academic Edition, excluding Law Schools)
|d vLex Global (Academic Edition, Law Schools)
|
| 650 |
0 |
4 |
|a Derecho Penal
|z El Salvador
|
| 740 |
0 |
|
|a vLex Libros (Servicio en ln̕ea)
|
| 856 |
4 |
0 |
|u http://vlex.com/source/29521
|z Acceso restringido
|
| 942 |
|
|
|c BOOK
|
| 999 |
0 |
|
|a Criminal law
|